Ba người đàn bà trong đời Napoléon = Trois femmes et un empereur

Kaydedildi:
Detaylı Bibliyografya
Yazar: Janine Boissard
Materyal Türü: Kitap
Dil:Undetermined
Baskı/Yayın Bilgisi: Hà Nội Lao động 1996
Konular:
Etiketler: Etiketle
Etiket eklenmemiş, İlk siz ekleyin!
Thư viện lưu trữ: Trung tâm Học liệu Trường Đại học Cần Thơ
LEADER 00565nam a2200181Ia 4500
001 CTU_20261
008 210402s9999 xx 000 0 und d
082 |a 843.9 
082 |b B684 
100 |a Janine Boissard 
245 0 |a Ba người đàn bà trong đời Napoléon 
245 0 |b = Trois femmes et un empereur 
245 0 |c Janine Boissard; Dịch giả: Vĩên Nguyên 
260 |a Hà Nội 
260 |b Lao động 
260 |c 1996 
650 |a french fiction - 20th century 
980 |a Trung tâm Học liệu Trường Đại học Cần Thơ